The Chemistry and Technology of Petroleum

Na minha lista:
Detalhes bibliográficos
Autor principal: Speight, James G (Author)
Formato: Livro
Idioma:inglês
Publicado em: New York : Marcel Dekker, 1980
Colecção:Chemical Industries 3
Tags: Adicionar Tag
Sem tags, seja o primeiro a adicionar uma tag!

MARC

LEADER 00000nam a22000003a 4500
001 stu73293
005 20150617225648.7
008 020122s1980----xxu-----------------eng-d
020 |a 0-8247-6948-1 
040 |a STU  |b slo 
041 0 |a eng 
044 |a xxu 
080 |a 665.61 
100 1 |a Speight, James G  |4 aut 
245 1 |a The Chemistry and Technology of Petroleum 
260 |a New York :  |b Marcel Dekker,  |c 1980 
300 |a 498 s. Tab.,grafy,lit.,index 
830 0 |a Chemical Industries  |v 3 
996 |b C96788  |c C*96788  |l CCIX  |s P  |a 0  |w stu73293_0001